WWE Royal Rumble - Qui a éliminé Edge ? - Statistiques

Statistiques générales
  • Ce quiz a été pris 289 fois
  • Le résultat moyen est 4 sur 7
Statistiques - réponses
Rumble Éliminé par % Correct
2005 Batista et John Cena
95%
2020 Roman Reigns
75%
2007 Shawn Michaels
72%
2023 Damian Priest et Finn Balor
58%
2003 Chris Jericho
48%
2000 Al Snow et Val Venis
7%
1999 Road Dogg
6%
Aucun quiz correspondant
Distribution des résultats
% des personnes avec chaque résultat
Percentile par nombre de réponses
Votre historique - résultats
Vous n’avez pas pris ce quiz